1638 1280 1586 1317 1305 1538 1380 1587 1718 1408 1915 1747 1726 1768 1965 1606 1437 1921 1791 1994 1567 1761 1726 1337 1157 1081 1683 1239 1774 1849 1595 1342 1341 1054 1500 1227 1580 1013 1334 1750 1097 1565 1658 1188 1811 1170 1493 1437 1774 1966 1540 1341 1180 1425 1706 1007 1005 1583 1375 1094 1809 1591 1776 1135 1520 1824 1294 1179 1519 1990 1780 1027 1568 1448 1381 1128 1806 1492 1747 1130 1729 1327 1118 1498 1111 1862 1483 1676 1499 1994 1665 1071 1841 1051 1190 1856 1135 1943 1689 BCNSPRNW ULIB Ver.6.0+V

เปลี่ยนเป็นภาษาไทย

Change to English
 แสดงรายละเอียดบรรณานุกรม
  กลับหน้าหลัก

Brief Record : Get Marc (ISO 2709) : E-mail record : QR code < ปิดหน้าต่าง
LEADER : 00000nam 2200000uu 4500
001    13399114961
003     ULIB
008    020711s2550 th a 000 0 tha d
099    ^aวจ.WY18.5^bก382ค
100    ^aกัญญ์สิริ จันทร์เจริญ
245    ^aคุณลักษณะที่พึงประสงค์ของบัณฑิต วิทยาลัยพยาบาลบรมราชชนนี สงขลา/^cกัญญ์สิริ จันทร์เจริญ,จารุณี วาระหัส,สุกันยา นัครามนตรี,บุษกร โกมลภมร และ สวรส บุณยะปาล
260    ^aสงขลา :^bวิทยาลัยพยาบาลบรมราชชนนี สงขลา,^c2550
300    ^a117 หน้า
650    คุณลักษณะที่พึงประสงค์^xบัณฑิตพยาบาล^xวิจัย
700 0  จารุณี วาระหัส
700 0  สุกันยา นัครามนตรี
700 0  บุษกร โกมลภมร
700 0  สวรส บุณยะปาล
710 12 ^aวิทยาลัยพยาบาลบรมราชชนนี สงขลา
945    ^p0^l0^i021911
995    ทศพร
999 ^a ทศพร
รายการนี้ยังไม่มีแท็ก
คุณยังไม่ได้ล็อกอิน คุณสามารถมีกิจกรรมร่วมกับเว็บไซต์ได้ แต่ต้องล็อกอินก่อน ::
  ล็อกอิน

รายการสื่อสารสนเทศ

ลำดับที่ ประเภท เลขเรียก/บาร์โค้ด สถานที่ สถานะ
- ไม่พบข้อมูล -

รายการใกล้เคียง
    ผู้แต่ง [กัญญ์สิริ จันทร์เจริญ]

BibComment


ยังไม่เคยถูกคอมเมนท์

คอมเมนท์ทรัพยากรรายการนี้
  คอมเมนท์: คุณลักษณะที่พึงป..


 Copyright 2026. Bcnsprnw @Library